000 00345nam a2200145Ia 4500
005 20240807062339.0
008 240806s9999||||xx |||||||||||||| ||eng||
041 _aeng
100 _aJaishree Arhatey
245 0 _aHindi uopnyas satva dashak /
_cJaishree Arhatey
260 _bSanchayan Kanpur
300 _a0
650 _aHindi
942 _cBK
999 _c16215
_d16215